Band of Brothers (TV Show) Quiz - Statistics

General Stats
  • This quiz has been taken 36 times
  • The average score is 21 of 40
Answer Stats
Hint Answer % Correct
Which company does the show follow? Easy
100%
Who becomes CO on D-Day? Dick Winters
89%
Name of the man that trained the company at Camp Toccoa but was certainly no "friend" Herbert Sobel
78%
What airborne division was the company a part of? 101st
74%
What year was the show released? 2001
67%
Who suffered from hysterical blindness? Albert Blithe
67%
Name of the mountain that was "3 miles up, 3 miles down" Currahee
67%
Name of Hitler's hideout? Eagle's Nest
67%
What school was David Webster attending before being enlisted? Harvard
67%
What game was the remaining of the company playing during the credits? Baseball
59%
Who had to be evacuated from the front line despite not sustaining a physical injury? Buck Compton
59%
What was the coveted German gun that many soldiers wanted to get their hands on? Luger
59%
Played by who? Damien Lewis
56%
Who lost two of his best friends, Muck and Penkala, to a direct hit on their foxhole? Donald Malarkey
56%
Who was the jokester and radioman? George Luz
56%
Who lost his leg during the siege of Bastogne? Joe Toye
56%
Name of sister miniseries about the conflict in the Asian theatre The Pacific
56%
Played by who? David Schwimmer
52%
Whose plan was to drive a cab in San Francisco after the war? Joseph Liebgott
52%
Who did he replace? Thomas Meehan
52%
What was Captain Nixon's drink of choice? Vat 69
52%
Who collected watches from dead German soldiers? Frank Perconte
48%
Whose jacket was Guarnere wearing when he found out his brother was killed at Monte Casino? John Martin
48%
General McAuliffe's answer to the Germans' request to surrender: Nuts
48%
Who had to replace Dike during the attack on Foy? Ronald Speirs
48%
Who was the best shot in the company? Shifty Powers
48%
Who got separated from the rest of the company during Operation Market Garden? Bull Randleman
44%
What is "Babe" Heffron's first name? Edward
44%
Name of sister miniseries about the defense against the Luftwaffe Masters of the Air
44%
Who was shot in the head by a drunk GI? Charles Grant
41%
Who wrote the book Bank of Brothers? Stephen E Ambrose
41%
Name of the town the company took after D-Day Carentan
37%
Who died from the shrapnel from his own grenade in Hagenau? Eugene Jackson
37%
What is "Bull" Randleman's first name? Denver
33%
What replacement was killed during Market Garden? James Miller
33%
Who was mistakenly stabbed with a bayonet during a night watch? Floyd Talbert
30%
Name of the Dutch town this company liberated? Eindhoven
26%
What was Dike's nickname? Foxhole Norman
26%
Who takes over this company once aforementioned CO gets promoted to battalion XO? Moose Heyliger
22%
Played by who? James McAvoy
19%
No matching quizzes found
Score Distribution
Percent of People with Each Score
Percentile by Number Answered
Your Score History
You have not taken this quiz